000 00868nas a2200253 4500
001 BR2018001447
003 BR-BrBNA
005 20231205131349.0
007 ta
008 230509b bl.|||p| |||| 00| 00por d
040 _aBR-BrBNA
_bpor
_cBiblioteca Nacional de Agricultura
041 _a(Pt)
072 _aH20; U10
100 1 _aCruvinel, P.E.
245 1 _aModelo computacional para tomada de decisões no gerenciamento de risco de doenças fúngicas em culturas de banana
650 _aBANANA
650 _aDOENÇA FÚNGICA
650 _aSIGATOKA NEGRA
650 _aANÁLISE DE RISCO
650 _aPROGRAMA DE COMPUTADOR
773 0 _tInforme Agropecuário - Empresa de Pesquisa Agropecuária de Minas Gerais (Brazil)
_xISSN 0100-3364
_g(2017), v. 38(300) p. 61-72
_wBR2018001447
909 _a202311
_bLúcia
_c55
_dLúcia Elande
942 _2AGRIS
_n0
_cANA
999 _c254403
_d254403